| 000 | 00605nam a2200205 u 4500 | ||
|---|---|---|---|
| 005 | 20210223133236.0 | ||
| 008 | 170327s1995 r 000 0 eng d | ||
| 020 | _a9682448808 | ||
| 035 | _aUPN01000217084 | ||
| 049 | _aCG | ||
| 050 | 4 |
_aQA75.5 _bV4.2 |
|
| 100 | 1 |
_aVera Smith, Fernando _940288 |
|
| 245 | 1 | 0 |
_aDiagramas de flujo / _cFernando Vera Smith, Esther del Rocío Jiménez Muñoz. |
| 260 |
_aMéxico : _bTrillas, _c1995. |
||
| 300 |
_a152 p. : _bil. |
||
| 650 | 4 |
_aDIAGRAMAS DE FLUJO _915917 |
|
| 700 | 1 |
_aJiménez Muñoz, Esther del Rocio, _ecoaut. |
|
| 905 | _aLibro | ||
| 999 |
_c189184 _d189184 |
||